• 首页
  • 本馆介绍
  • 公告通知
  • 最新文献
  • 馆藏检索
  • 电子资源
  • 读者导购
  • 参考咨询
  • 我的图书馆
  • 登录
  • 详细信息显示
  • 放入我的书架
  • 预约/预借图书
  • 作者相关作品
  • 分类相关作品
  • 丛书相关作品
  • 出版社相关作品

书目信息

  • 表格格式
  • 工作单格式
  • 卡片格式
题名:
职业责任保险入门
    
 
作者: ;李丹 译 ;国际咨询工程师联合会 编 ;中国工程咨询协会 编译
分册:  
出版信息: 北京   中国计划出版社  2001.02
页数: 207页
开本: 21cm
丛书名: FIDIC文献译丛
单 册:
中图分类: F840.69
科图分类:
主题词: 对外承包--责任保险--基本知识
电子资源:
ISBN: 7-80058-898-X
000 01289nam 2200325 450
001 0104000022
005 20050927111123.1
010    @a7-80058-898-X@dCNY46.00
100    @a20081201d2001 ekmy0chiy0120 ea
101 2  @achi@aeng@ceng
102    @aCN@b110000
105    @ay z 000yy
106    @ar
200 1  @a职业责任保险入门@AZhi Ye Ze Ren Bao Xian Ru Men@E[ Zhong Ying Wen Ben ]@f国际咨询工程师联合会编@Fguo ji zi xun gong cheng shi lian he hui bian@g中国工程咨询协会编译@g李丹译
210    @a北京@c中国计划出版社@d2001.02
215    @a207页@d21cm
225 2  @aFIDIC文献译丛
300    @a译者对译文的准确度承担全部责任,正式使用发生争端时,以英文原版为准
306    @aFIDIC授权出版
330    @a本书对国际承包工程职业设计人员的职业责任给予了界定,并对职业责任保险这一转移其职业责任风险的方式进行了较为广泛的介绍及论述。
410  0 @12001 @aFIDIC文献译丛
510 1  @aProfessional Liabiliy Insurance@eA Primer@zeng
606 0  @a对外承包@x责任保险@x基本知识
690    @aF840.69@v4
702  0 @a李丹@ALi Dan@4译
711 02 @a国际咨询工程师联合会@AGuo Ji Zi Xun Gong Cheng Shi Lian He Hui@4编
712 02 @a中国工程咨询协会@AZhong Guo Gong Cheng Zi Xun Xie Hui@4编译
801  0 @aCN@bHTDF@c20081201
905    @aBZT@dF840.69@e1@f10
906    @dCNY46.00@n0@r1
    
    职业责任保险入门/国际咨询工程师联合会编/中国工程咨询协会编译/李丹译.-北京:中国计划出版社,2001.02
    207页;21cm.-(FIDIC文献译丛)
    译者对译文的准确度承担全部责任,正式使用发生争端时,以英文原版为准
    
    ISBN 7-80058-898-X:CNY46.00
    本书对国际承包工程职业设计人员的职业责任给予了界定,并对职业责任保险这一转移其职业责任风险的方式进行了较为广泛的介绍及论述。
●
相关链接 在五车中查询图书 在当当中查询图书 在豆瓣中查询图书


正题名:职业责任保险入门     索取号:F840.69/1         预约/预借

序号 登录号 条形码 馆藏地/架位号 状态 备注
1 696422   2000696422   中心书库北库/ 北库034架A面3列3层20/ [索取号:F840.69/1] 在馆    
2 696423   2000696423   中心书库北库/ 北库034架A面3列3层21/ [索取号:F840.69/1] 在馆    
3 696424   2000696424   中心书库北库/ 北库034架A面3列3层19/ [索取号:F840.69/1] 在馆    
4 696425   2000696425   中心书库北库/ 北库034架A面3列3层17/ [索取号:F840.69/1] 在馆    
5 696426   2000696426   中心书库北库/ 北库034架A面3列3层25/ [索取号:F840.69/1] 在馆    
6 696427   2000696427   中心书库北库/ 北库034架A面3列3层24/ [索取号:F840.69/1] 在馆    
7 696428   2000696428   中心书库北库/ 北库034架A面3列3层23/ [索取号:F840.69/1] 在馆    
8 696429   2000696429   中心书库北库/ 北库034架A面3列3层22/ [索取号:F840.69/1] 在馆    
9 696430   2000696430   中心书库北库/ 北库034架A面3列3层18/ [索取号:F840.69/1] 在馆    
10 696431   2000696431   中心书库北库/ 北库034架A面3列3层16/ [索取号:F840.69/1] 在馆    
山东省滨州职业学院图书馆 欢迎您!
大连网信软件有限公司© 版权所有